00621nam a2200205 a 450000100060000000300080000600500170001400800410003103500200007204000260009204100080011808200270012610000200015324500480017326000820022130000170030350000500032050500230037065000220039343439BD-RjUL20211209053710.0160622m1963 fr 000 0 eng d a(BD-RjUL) 43557 aBD-RjULbengcBD-RjUL aeng 223a378bBOA 1963-1965 a Bowles, Frank.10aAccess to higher education /cFrank Bowles. aParis :bUnesco and the International Association of Universities,c1963-1965 a V. ;c24 cm aInternational Study of University Admissions.0 aVol. 1-- vOL 2 --  0a Higher Education